| 000 | 00401nam a22001577a 4500 | ||
|---|---|---|---|
| 003 | OSt | ||
| 005 | 20170227115206.0 | ||
| 008 | 170227b xxu||||| |||| 00| 0 eng d | ||
| 010 | _a2005936851 | ||
| 040 | _cRU | ||
| 050 |
_aQA76.76 _b.H94W46 2006 |
||
| 100 | _aFaithe Wempen. | ||
| 245 | _aHTML and XHTML step by step / | ||
| 260 |
_aRedmond, Wash. : _bMicrosoft Press, _c c2006. |
||
| 942 |
_2lcc _cBK |
||
| 999 |
_c255784 _d255783 |
||